00484nam a2200193 a 4500001001300000003000900013005001700022008004100039020001000080082001300090100002300103245002800126260003700154300000900191500003500200505001600235650001600251700002300267nice12345678IN_TiNIC20260116012035.0050524s0000 lona grp 000 0 eng  ac10000a236bSMY aSmyth, J Patterson aGospel of the Hereafter aLondonbHodder & Stoughtonc0000 a230p aincludes index and biblioraphy2 aQuestionary aEschatology1 aSmyth, J Patterson